The Hoodlum Priest /

Melodrama basado en la vida del sacerdote jesuita norteamericano Dismas Clark, de la ciudad de Saint Louis, Missouri, quien vivió apoyando a ex reos a conseguir un trabajo y tener una mejor vida, esto para evitar que recayeran en la delincuencia. Por su tarea altruística, se le conoció como "The Hoo...

Повний опис

Збережено в:
Бібліографічні деталі
Автор: Kershner, Irvin (realización)
Інші автори: Murray, Don (guión) (guión), Landon, Joseph (guión) (guión), Wexler, Haskell (fotógrafo) (fotógrafo), Davidoff, Alexis (vestuario) (vestuario), Wright, Maurice (montaje) (montaje), Markowitz, Richard (música) (música), Murray, Don (actuación) (actuación), Gates, Larry (actuación) (actuación), Ramsey, Logan (actuación) (actuación)
Формат: Слайд
Мова:Іспанська
Редагування:Edición especial
Предмети:
Теги: Додати тег
Немає тегів, Будьте першим, хто поставить тег для цього запису!

MARC

LEADER 00000ngm^a2200000^a^4500
001 000584999
005 20250526000000.0
009 20260310132720.896
037 |a Acervo ITESO - Biblioteca 
041 |a ESP 
082 |a 810.  |b KER 
100 |a Kershner, Irvin  |e (realización) 
240 1 1 |a [Refugio de criminales] 
245 1 4 |a The Hoodlum Priest /  |c Realización de I. Kershner. 
246 2 |a Título en México: Refugio de criminales 
250 |a Edición especial 
264 2 |a Los Angeles, EUA :  |b Twentieth Century Fox [distribución],  |c 2014, c2014 
300 |a 1 DVD sin dato de región (102 min.) :  |b blanco y negro ;  |c 19.0 cm. 
336 |a imagen móvil bidimensional  |b tdi  |2 rdacontenido 
337 |a video  |b v  |2 rdamedio 
338 |a videodisco  |b vd  |2 rdasoporte 
520 |a Melodrama basado en la vida del sacerdote jesuita norteamericano Dismas Clark, de la ciudad de Saint Louis, Missouri, quien vivió apoyando a ex reos a conseguir un trabajo y tener una mejor vida, esto para evitar que recayeran en la delincuencia. Por su tarea altruística, se le conoció como "The Hoodlum Priest". El jesuita asumió el nombre de “Dismas”, como el santo Dismas, uno de los ladrones que fue crucificado junto a Jesucristo y que le pide antes de morir la salvación de su alma. 
546 |a En inglés, sin subtítulos 
649 |a XX 
650 |a Jesuitas Norteamericanos 
650 |a Jesuitas en el Cine 
650 |a Ministros Religiosos en el Cine 
650 |a Delincuentes en el Cine 
650 |a Presos en el Cine 
650 |a Hombres en el Cine 
650 |a Cárceles y Centros de Readaptación Social en el Cine 
650 |a Melodramas 
650 |a Dramas Cinematográficos 
650 |a Cine en Blanco y Negro -  |z EUA 
650 |a Cine Norteamericano -  |y 1960-1969 
650 |a Cine Norteamericano -  |y Siglo XX 
650 |a Iglesia y Trabajo 
650 |a Iglesia y Problemas Sociales 
650 |a Rehabilitación de Delincuentes -  |x Tema Principal 
650 |a Sistema Penitenciario 
650 |a Justicia e Injusticia 
650 |a Derecho Penitenciario 
650 |a Catolicismo 
650 |a Cristianismo 
650 |a Religión 
650 |a Saint Louis, EUA en el Cine 
650 |a Clark, Dismas 
700 |a Murray, Don  |e (guión) 
700 |a Landon, Joseph  |e (guión) 
700 |a Wexler, Haskell  |e (fotógrafo) 
700 |a Davidoff, Alexis  |e (vestuario) 
700 |a Wright, Maurice  |e (montaje) 
700 |a Markowitz, Richard  |e (música) 
700 |a Murray, Don  |e (actuación) 
700 |a Gates, Larry  |e (actuación) 
700 |a Ramsey, Logan  |e (actuación) 
910 |a Fondo General 
920 |a Audiovisuales - DVDs 
930 |a Libros Antiguos y Raros 
940 |a Películas 
940 |a Jesuitas 
905 |a 108 
901 |a 0500407216  |b IT2  |c LRA  |i C185701  |u 20250526 
902 |a https://opac.biblio.iteso.mx/vufind/Record/000584999